01469nam a2200301 u 450000100070000000500170000700800410002403500170006503500210008204000130010304100080011608000080012410000370013224500630016926000340023230000170026649000270028350000150031050504540032565000460077965000480082565100530087370000360092671000500096294200090101299900190102195201270104081887020260506093413.0021004e19921001 eng  a818870z5822 a(OCoLC)760388074 ccomduadb aeng aFMI10aLoser, Claudio4edteedt937571510aMexico : the strategy to achieve sustained economic growth aWashington, DC :bIMF,c1992. a89 páginas0 aOccasional paper ;v99 aCuadr.est. aCONTENIDO: 2. The Mexican strategy to achieve sustainable economic growth -- 3. An analysis of the linkages of macroeconomic policies in Mexico -- 4. International trade and investment liberalization: Mexico's experience and prospects -- 5. Financial liberalization and reform in Mexico -- 6. Mexico's external debt policies, 1982-90 -- 7. Mexico's return to voluntary international capital market financing -- 8. The dynamics of inflation, 1988-91. aCrecimiento económico - México980643 7aPolítica económica - México29109269 7aMéxicoxCondiciones económicas2lemb985626710aKalter, Eliot4edteedt953415820aInternational Monetary Fund4auteaut9830680 cBOOK c259474d259474 001040708GENERALaCIEbCIEd2023-04-24iC786400l0oFMI/20678p61000004365106r2023-04-24 00:00:00t1w2023-04-24yBOOK